Algebra/ (Registro nro. 8681)
[ vista simple ]
| 000 -LEADER | |
|---|---|
| fixed length control field | 02153nam a2200205Ia 4500 |
| 005 - FECHA Y HORA DE LA ÚLTIMA TRANSACCIÓN | |
| control field | 20230808093641.0 |
| 008 - FIXED-LENGTH DATA ELEMENTS--GENERAL INFORMATION | |
| fixed length control field | 230725s9999 xx 000 0 und d |
| 020 ## - INTERNATIONAL STANDARD BOOK NUMBER | |
| International Standard Book Number | 8435700623 |
| 040 ## - CATALOGING SOURCE | |
| Original cataloging agency | UPAN |
| Transcribing agency | Biblioteca San Vicente |
| Description conventions | RCAA2 |
| 041 ## - LANGUAGE CODE | |
| Language code of text/sound track or separate title | spa |
| 082 ## - DEWEY DECIMAL CLASSIFICATION NUMBER | |
| Classification number | 512 |
| Item number | B353a |
| año de publicación | 2007 |
| 100 ## - MAIN ENTRY--PERSONAL NAME | |
| Personal name | Baldor, Aurelio |
| Relator code | aut. |
| 245 #0 - TITLE STATEMENT | |
| Title | Algebra/ |
| Statement of responsibility, etc | Aurelio Baldor |
| 250 ## - EDITION STATEMENT | |
| Edition statement | 18ª ed. |
| 260 ## - PUBLICATION, DISTRIBUTION, ETC. (IMPRINT) | |
| Place of publication, distribution, etc | México: |
| Name of publisher, distributor, etc | Publicaciones Cultural, |
| Date of publication, distribution, etc | 2000 |
| 300 ## - PHYSICAL DESCRIPTION | |
| Extent | 576 p.; |
| Dimensions | 24 cm. |
| 505 ## - FORMATTED CONTENTS NOTE | |
| Formatted contents note | I. Suma <br/>II. Resta <br/>III. Signos de agrupación<br/>IV. Multiplicación<br/>V. División<br/>VI. Productos y cocientes notables<br/>VII. Teorema del Residuo<br/>VIII. Ecuaciones enteras de primer grado con una incógnita<br/>IX. Problemas sobre ecuaciones enteras de primer grado con una incógnita<br/>X. Descomposición factorial<br/>XI. Máximo común divisor<br/>XII. Mínimo común múltiplo<br/>XIII. Fracciones algebraicas, reducción de fracciones<br/>XIV. Operaciones con fracciones<br/>XV. Ecuaciones numéricas fraccionarias de primer grado con una incógnita<br/>XVI. Ecuaciones literales de primer grado con una incógnita<br/>XVII. Problemas sobre ecuaciones fraccionarias de primer grado<br/>XVIII. Formulas<br/>XIX. Desigualdades, inecuaciones<br/>XX. Funciones<br/>XXI. Representación grafica de funciones y relaciones<br/>XXII. Graficas. Aplicaciones practicas<br/>XXIII. Ecuaciones indeterminadas<br/>XXIV. Ecuaciones simultaneas de primer grado y con dos incógnitas<br/>XXV. Ecuaciones simultaneas de primer grado con tres o mas incógnitas<br/>XXVI. Problemas que se resuelven por ecuaciones simultaneas<br/>XXVII. Estudios elemental de la teoría coordinatoria<br/>XXVIII. Potenciación<br/>XXIX. Radicación<br/>XXX. Teorías de los exponentes<br/>XXXI. Radicales <br/>XXXII. Cantidades imaginarias<br/>XXXIII. ecuaciones de segundo grado con una incógnita<br/>XXXIV. Problemas que se resuelven pro ecuaciones de segundo grado. Problemas de las luces<br/>XXXV. Teorías de las ecuaciones de segundo grado. Estudio del trinomio del segundo grado<br/>XXXVI. Ecuaciones binomios y trinomios <br/>XXXVII. Progresiones<br/>XXXVIII. Logaritmos <br/>XXXIX. Interes compuesto. Amortizaciones. Imposiciones <br/><br/> |
| 650 ## - SUBJECT ADDED ENTRY--TOPICAL TERM | |
| Source of heading or term | LEMB |
| General subdivision | Algebra |
| 942 ## - ADDED ENTRY ELEMENTS (KOHA) | |
| Koha item type | Libros |
| Source of classification or shelving scheme | Dewey Decimal Classification |
| Withdrawn status | Lost status | Source of classification or shelving scheme | Damaged status | Not for loan | Collection code | Home library | Current library | Date acquired | Total Checkouts | Full call number | Barcode | Date last seen | Copy number | Price effective from | Koha item type |
|---|---|---|---|---|---|---|---|---|---|---|---|---|---|---|---|
| Dewey Decimal Classification | Colección General | Biblioteca UPAN San Vicente | Biblioteca UPAN San Vicente | 25/07/2023 | 512 B353a | 12002568 | 25/07/2023 | 01 | 25/07/2023 | Libros | |||||
| Dewey Decimal Classification | Colección General | Biblioteca UPAN San Vicente | Biblioteca UPAN San Vicente | 08/08/2023 | 512 B353a | 12001481 | 08/08/2023 | 02 | 08/08/2023 | Libros | |||||
| Dewey Decimal Classification | Colección General | Biblioteca UPAN San Vicente | Biblioteca UPAN San Vicente | 08/08/2023 | 512 B353a | 12001480 | 08/08/2023 | 03 | 08/08/2023 | Libros |